Größte Stadt von jedem Kontinent mit A - Statistiken

Allgemein
  • Dieses Quiz wurde 173 mal gespielt
  • Das Durchschnittsergebnis liegt bei 4 aus 6
Antwortstatistiken
Kontinent Stadt Land % Korrekt
Europa Amsterdam Niederlande
82%
Ozeanien Auckland Neuseeland
73%
Südamerika Asunción Paraguay
60%
Nordamerika Austin USA
58%
Afrika Alexandria Ägypten
51%
Asien Ahmedabad Indien
33%
Keine übereinstimmenden Quizze gefunden
Verteilung der Resultate
Anzahl Personen mit jedem Resultat
Perzentil nach korrekt beantworteten Fragen
Ihre Resultats-Entwicklung
Sie haben dieses Quiz noch nicht gespielt